TV Debuts: 2014 Quiz Stats

 Plays Quiz Updated Oct 19, 2017

Score 0/16 Timer 05:00
0 Plays Today
TV Show % Correct
The Flash
90.7%
How to Get Away with Murder
68.5%
Black-ish
63.5%
True Detective
62%
Last Week Tonight with John Oliver
58.5%
Jane the Virgin
55%
Bojack Horseman
52.4%
Girl Meets World
52.1%
TV Show % Correct
Gotham
51.7%
Fargo
50.1%
Transparent
44.3%
Silicon Valley
42.8%
NCIS: New Orleans
38.6%
Broad City
28.7%
Scorpion
25.3%
The 100
20.8%

You're not logged in!

Compare scores with friends on all Sporcle quizzes.
OR
Log In

You Might Also Like...

Show Comments

Extras

Top Quizzes Today


Score Distribution

Your Account Isn't Verified!

In order to create a playlist on Sporcle, you need to verify the email address you used during registration. Go to your Sporcle Settings to finish the process.

Report this User

Report this user for behavior that violates our Community Guidelines.

Details: